| 000 | 00655nam a22001577a 4500 | ||
|---|---|---|---|
| 003 | OSt | ||
| 005 | 20150912143202.0 | ||
| 008 | 150912b xxu||||| |||| 00| 0 eng d | ||
| 040 | _cRUA | ||
| 082 | _aAGR ជា 1996 B015 Or.1 | ||
| 100 |
_9331 _aជា សារ៉េត |
||
| 245 | _aការវាយតំលៃទៅលើប្រព័ន្ធដាំដុះ"សូរយាន"ក្រោមសក្ខខ័ណ្ឌនៃរដូវវស្សានៅកម្ពុជា (evalion of sorjan cropping systems under rainfed condition in cambodia) | ||
| 260 |
_aPhnom Penh _bRUA _c1996 |
||
| 300 |
_a112p. _bill. _c29cm. |
||
| 942 |
_2ddc _cAGR |
||
| 999 |
_c310 _d310 |
||